00665cam a22002291 4500001001300000003000400013005001700017008004100034010001700075035001900092040002300111042001200134050001600146060002200162060002000184100003000204245005300234260007000287300002200357500003900379999001700418sg 44000247 DLC20260227112744.0810920s1944 xx 000 0 eng  asg 44000247  a(OCoLC)3724401 aDLCcDNLMdOTdDLC apremarc00aRA790b.M7800aWM 75bM954m 194400aFilm 7345 no. 31 aMuhlberg, William,d1875-10aMental adjustments,cby Dr. William Muhlberg ... aCincinnati, O.,bThe Union central life insurance companyc[1944] a89 p., 1 l.bill. aMicrofilmed for preservation5DNLM c90468d90468